Earnings des joueurs EU en 2026 - Statistiques

Statistiques générales
  • Ce quiz a été pris 414 fois
  • Le résultat moyen est 8 sur 10
Statistiques - réponses
Revenus
( En dollars)
Structure Esport Joueur % Correct
29 150 Atlantic Sky
100%
52 000 Atlantic Scroll
95%
45 000 Aurora Shxrk
95%
20 550 Havok Tjino
95%
32 800 BIG Vico
95%
25 800 BIG Malibuca
90%
38 900 Havok PabloWingu
90%
43 250 Aurora t3eny
90%
18 950 Non défini Flickzy
38%
23 550 XP42 Twi
38%
Aucun quiz correspondant
Distribution des résultats
% des personnes avec chaque résultat
Percentile par nombre de réponses
Votre historique - résultats
Vous n’avez pas pris ce quiz